000 00808nam a2200229 a 4500
001 000005575
005 20200929151721.0
008 090820s2005 sp 000 0 spa d
020 _a8400083547
040 _aDO-SdBNP
082 _axxxx
_bS159a
100 1 _aSala Valldaura, Josep María
_915756
245 1 0 _aDe amor y política :
_bla tragedia neoclásica española /
_cJosep María, Sala Valldaura.
260 _aMadrid, :
_bCSIC,
_c2005.
300 _a551 p. ;
_c24 cm.
440 0 _aAnejos de revista de literatura
_n68
_915757
500 _aIncluye índice onomástico y de obras
504 _aIncluye referencias bibliográficas y notas al pie de las páginas
504 _aIncluye bibliografías (p.499-528)
710 1 _aConsejo Superior de Investigaciones Científicas
_94786
049 _aBNPD
999 _c5374
_d5374